World's Highest Countries Quiz Stats

 Plays Quiz Updated Jun 11, 2018

Score 0/30 Timer 06:00
14 Plays Today
Highest Altitude Country % Correct
8,848 m (29,029 ft)China
96.8%
8,586 m (28,169 ft)Nepal
96.7%
6,194 m (20,322 ft)United States
96%
8,848 m (29,029 ft)Nepal
92.4%
8,586 m (28,169 ft)India
92%
5,959 m (19,551 ft)Canada
86.2%
5,642 m (18,510 ft)Russia
86.2%
6,893 m (22,615 ft)Chile
86.2%
6,960 m (22,835 ft)Argentina
84.5%
8,611 m (28,251 ft)Pakistan
82.5%
6,768 m (22,205 ft)Peru
82%
5,636 m (18,491 ft)Mexico
78.5%
6,542 m (21,463 ft)Bolivia
72.6%
7,492 m (24,580 ft)Afghanistan
70.7%
5,700 m (18,701 ft)Colombia
68.7%
Highest Altitude Country % Correct
5,199 m (17,057 ft)Kenya
68.6%
5,610 m (18,406 ft)Iran
65.1%
6,267 m (20,561 ft)Ecuador
64.1%
5,892 m (19,331 ft)Tanzania
63.4%
4,981 m (16,342 ft)Venezuela
63.3%
5,137 m (16,854 ft)Turkey
61.2%
7,570 m (24,836 ft)Bhutan
58.3%
7,010 m (22,999 ft)Kazakhstan
57.9%
4,884 m (16,024 ft)Indonesia
53%
7,495 m (24,590 ft)Tajikistan
48.1%
7,439 m (24,406 ft)Kyrgyzstan
43.8%
5,881 m (19,295 ft)Myanmar (Burma)
40.1%
5,201 m (17,064 ft)Georgia
37.8%
5,110 m (16,765 ft)Uganda
36.5%
5,110 m (16,765 ft)Democratic Republic of the Congo
35.4%

You're not logged in!

Compare scores with friends on all Sporcle quizzes.
OR
Log In

Sporcle TV

Today on Sporcle TV


Watch our educational content, quiz creation guides, and fun videos on Sporcle TV.

Show Comments

Extras

Top Quizzes Today


Score Distribution

Your Account Isn't Verified!

In order to create a playlist on Sporcle, you need to verify the email address you used during registration. Go to your Sporcle Settings to finish the process.

Report this User

Report this user for behavior that violates our Community Guidelines.

Details: